[Event "Pereira Gildardo Garcia Memorial-A"]
[Site "Pereira"]
[Date "2022.05.22"]
[Round "10"]
[White "Ubaldo Suarez, Maria Gisela"]
[Black "Castro Castro, Joaquin"]
[Result "1/2-1/2"]
[WhiteElo "2013"]
[BlackElo "1660"]
[PlyCount "64"]
[EventDate "2022.05.18"]
[EventType "swiss"]
[EventRounds "10"]
[EventCountry "COL"]
[SourceTitle "CBM 208 Extra"]
[Source "ChessBase"]
[SourceDate "2022.07.31"]
[SourceVersion "1"]
[SourceVersionDate "2022.07.31"]
[SourceQuality "1"]

1. d4 Nf6 2. c4 b6 3. Nc3 Bb7 4. Nf3 e6 5. e3 Bb4 6. Bd2 Bxc3 7. Bxc3 Ne4 8. Rc1 d6 9. Bd3 Nd7 10. Qe2 f5 11. 0-0 0-0 12. Nd2 Nxd2 13. Bxd2 Qg5 14. f4 Qg6 15. b4 Nf6 16. c5 Be4 17. Ba6 Nd5 18. cxd6 cxd6 19. Rc4 h5 20. Rfc1 Rfd8 21. Be1 Nxe3 22. R4c3 Qxg2+ 23. Qxg2 Nxg2 24. Bd2 e5 25. Rg3 Nxf4 26. Bxf4 exf4 27. Rg5 Rd7 28. Kf2 Rf8 29. Bc4+ d5 30. Be2 Rff7 31. Bxh5 Rf8 32. h3 Rfd8 1/2-1/2

[Event "Pereira Gildardo Garcia Memorial-A"]
[Site "Pereira"]
[Date "2022.05.19"]
[Round "4"]
[White "Ubaldo Suarez, Maria Gisela"]
[Black "Valencia Gantiva, Cristian"]
[Result "0-1"]
[WhiteElo "2013"]
[BlackElo "1919"]
[PlyCount "80"]
[EventDate "2022.05.18"]
[EventType "swiss"]
[EventRounds "10"]
[EventCountry "COL"]
[SourceTitle "CBM 208 Extra"]
[Source "ChessBase"]
[SourceDate "2022.07.31"]
[SourceVersion "1"]
[SourceVersionDate "2022.07.31"]
[SourceQuality "1"]

1. d4 Nf6 2. c4 e6 3. Nf3 b6 4. Nc3 Bb7 5. e3 Bb4 6. Bd2 0-0 7. Bd3 d5 8. 0-0 Be7 9. Ne5 c5 10. cxd5 exd5 11. a4 Nc6 12. Rc1 cxd4 13. Nxc6 Bxc6 14. exd4 Qd7 15. Re1 Rfe8 16. Bf4 Bb4 17. Rxe8+ Rxe8 18. Qb3 Bxc3 19. Qxc3 Bxa4 20. h3 Bb5 21. Bb1 a6 22. Be5 Qe6 23. Qf3 Nd7 24. Bg3 g6 25. Ba2 Bc4 26. b3 Be2 27. Qc3 Bb5 28. b4 Qf5 29. Bb1 Qf6 30. Ba2 Qf5 31. Bb1 Qh5 32. Qd2 Bc4 33. Qf4 Qe2 34. Qd6 Qe6 35. Qc7 h5 36. Kh2 Bb5 37. f4 Qf6 38. Qc3 h4 39. Be1 Qxf4+ 40. Kg1 Re2 0-1

[Event "VEN-ch (Women)"]
[Site "Santo Domingo"]
[Date "2018.01.14"]
[Round "11"]
[White "Ramirez Vergara, Jemmily"]
[Black "Ubaldo Suarez, Maria Gisela"]
[Result "0-1"]
[WhiteElo "1762"]
[BlackElo "2078"]
[PlyCount "52"]
[EventDate "2018.01.09"]
[EventType "tourn"]
[EventRounds "11"]
[EventCountry "VEN"]
[SourceTitle "CBM 182 Extra"]
[Source "ChessBase"]
[SourceDate "2018.02.23"]
[SourceVersion "1"]
[SourceVersionDate "2018.02.23"]
[SourceQuality "1"]

1. e4 c5 2. c3 Nf6 3. e5 Nd5 4. d4 e6 5. Nf3 Nc6 6. Bc4 cxd4 7. Bxd5 exd5 8. cxd4 d6 9. 0-0 dxe5 10. Nxe5 Nxe5 11. Re1 Be6 12. dxe5 Bc5 13. Nc3 0-0 14. Qf3 f6 15. Qd3 fxe5 16. Rxe5 Qf6 17. Re2 Bxf2+ 18. Kh1 Bh4 19. Be3 Rad8 20. Bd4 Qf7 21. Bc5 Rfe8 22. Re3 d4 23. Bxd4 Bf6 24. Re4 Qd7 25. Qg3 Bxd4 26. Rd1 Qf7 0-1

[Event "VEN-ch (Women)"]
[Site "Santo Domingo"]
[Date "2018.01.10"]
[Round "4"]
[White "Camacho, Maria Laura"]
[Black "Ubaldo Suarez, Maria Gisela"]
[Result "1/2-1/2"]
[WhiteElo "1926"]
[BlackElo "2078"]
[PlyCount "59"]
[EventDate "2018.01.09"]
[EventType "tourn"]
[EventRounds "11"]
[EventCountry "VEN"]
[SourceTitle "CBM 182 Extra"]
[Source "ChessBase"]
[SourceDate "2018.02.23"]
[SourceVersion "1"]
[SourceVersionDate "2018.02.23"]
[SourceQuality "1"]

1. d4 d5 2. c4 c6 3. Nc3 Nf6 4. Bg5 e6 5. e3 Be7 6. Nf3 Nbd7 7. Bd3 0-0 8. 0-0 dxc4 9. Bxc4 Nd5 10. Bxe7 Qxe7 11. e4 Nxc3 12. bxc3 e5 13. d5 Nb6 14. Bb3 Rd8 15. c4 c5 16. Qd2 Bg4 17. Qc3 Bxf3 18. Qxf3 Rd6 19. Qe3 Rh6 20. Rae1 Re8 21. f4 a5 22. a3 a4 23. Ba2 Nd7 24. f5 Nf6 25. h3 Nh5 26. g3 Ra8 27. Kg2 Raa6 28. Rb1 Qc7 29. Qd3 Nf6 30. Rb6 1/2-1/2

[Event "Olympiad Women-42"]
[Site "Baku"]
[Date "2016.09.13"]
[Round "11.4"]
[White "Ubaldo Suarez, Maria Gisela"]
[Black "Aranaz Murillo, Amalia"]
[Result "1-0"]
[WhiteElo "2062"]
[BlackElo "2279"]
[PlyCount "95"]
[EventDate "2016.09.02"]
[EventType "team-swiss"]
[EventRounds "11"]
[EventCountry "AZE"]
[SourceTitle "CBM 174 Extra"]
[Source "ChessBase"]
[SourceDate "2016.10.10"]
[SourceVersion "1"]
[SourceVersionDate "2016.10.10"]
[SourceQuality "1"]
[WhiteTeam "Venezuela (W)"]
[BlackTeam "Spain (W)"]
[WhiteTeamCountry "VEN"]
[BlackTeamCountry "ESP"]

1. d4 Nf6 2. Nf3 c5 3. d5 g6 4. g3 Bg7 5. Bg2 0-0 6. 0-0 d6 7. c4 b5 8. cxb5 a6 9. b6 Nbd7 10. Nc3 Rb8 11. h3 Nxb6 12. e4 Nfd7 13. Qe2 Na8 14. Bf4 f6 15. Rac1 Nc7 16. a4 a5 17. Rfe1 Ba6 18. Qc2 Rb7 19. Nd1 Qa8 20. Bd2 Rc8 21. h4 Ne8 22. h5 g5 23. Ne3 Rcb8 24. Bc3 Bf8 25. Bh3 Ne5 26. Nxe5 dxe5 27. Be6+ Kh8 28. d6 Nxd6 29. Bd5 Qa7 30. Bxb7 Bxb7 31. Nd5 Nxe4 32. Qxe4 e6 33. Qf3 Be7 34. Rxe5 Bxd5 35. Rxd5 exd5 36. Qxd5 Rf8 37. Qxg5 Qd7 38. h6 Rf7 39. Re1 Qd8 40. Re6 Qf8 41. Qe3 Kg8 42. Bxa5 Qe8 43. Bc3 Qd7 44. a5 Qd1+ 45. Kg2 Qd7 46. a6 Qa7 47. Qe4 Bf8 48. Qg4+ 1-0

[Event "Olympiad Women-42"]
[Site "Baku"]
[Date "2016.09.11"]
[Round "9.3"]
[White "Ubaldo Suarez, Maria Gisela"]
[Black "Jose Polanco, Kenia"]
[Result "1-0"]
[WhiteElo "2062"]
[BlackElo "1923"]
[PlyCount "79"]
[EventDate "2016.09.02"]
[EventType "team-swiss"]
[EventRounds "11"]
[EventCountry "AZE"]
[SourceTitle "CBM 174 Extra"]
[Source "ChessBase"]
[SourceDate "2016.10.10"]
[SourceVersion "1"]
[SourceVersionDate "2016.10.10"]
[SourceQuality "1"]
[WhiteTeam "Venezuela (W)"]
[BlackTeam "Dominican Republic (W)"]
[WhiteTeamCountry "VEN"]
[BlackTeamCountry "DOM"]

1. d4 f5 2. c4 Nf6 3. Nc3 g6 4. Nf3 Bg7 5. e3 d6 6. Bd3 Nc6 7. d5 Ne5 8. Nxe5 dxe5 9. e4 f4 10. b3 0-0 11. Bb2 Nd7 12. Be2 h5 13. Qc2 a5 14. a3 Nf6 15. h4 c6 16. 0-0-0 Qc7 17. Kb1 Bd7 18. f3 Kh7 19. Rhg1 cxd5 20. cxd5 Rac8 21. Ka2 b5 22. Qd3 b4 23. Nb5 Bxb5 24. Qxb5 Rb8 25. Qc6 Qd6 26. Rc1 Rb6 27. Qxd6 exd6 28. Rc6 Rfb8 29. Rxb6 Rxb6 30. Rc1 Nd7 31. Rc6 g5 32. hxg5 Kg6 33. Bc1 h4 34. Bd2 Bf8 35. Rxb6 Nxb6 36. axb4 axb4 37. Bxb4 Kxg5 38. Ba5 Nd7 39. Bd8+ Kh5 40. b4 1-0

[Event "Olympiad Women-42"]
[Site "Baku"]
[Date "2016.09.02"]
[Round "1.49"]
[White "Ubaldo Suarez, Maria Gisela"]
[Black "Ayiku, Angela Naa Amerley"]
[Result "1-0"]
[WhiteElo "2062"]
[BlackElo "1477"]
[PlyCount "49"]
[EventDate "2016.09.02"]
[EventType "team-swiss"]
[EventRounds "11"]
[EventCountry "AZE"]
[SourceTitle "CBM 174 Extra"]
[Source "ChessBase"]
[SourceDate "2016.10.10"]
[SourceVersion "1"]
[SourceVersionDate "2016.10.10"]
[SourceQuality "1"]
[WhiteTeam "Venezuela (W)"]
[BlackTeam "Ghana (W)"]
[WhiteTeamCountry "VEN"]
[BlackTeamCountry "GHA"]

1. d4 d5 2. c4 c6 3. Nc3 Nf6 4. Nf3 Bf5 5. e3 e6 6. Be2 Bb4 7. 0-0 Bxc3 8. bxc3 Ne4 9. Qb3 b6 10. cxd5 cxd5 11. Ba3 Nd7 12. Ne5 Nd2 13. Qa4 f6 14. Nxd7 Qxd7 15. Bb5 e5 16. Bxd7+ Bxd7 17. Qb4 0-0-0 18. Rfd1 Nc4 19. dxe5 Bg4 20. Rxd5 Nxa3 21. Rxd8+ Rxd8 22. Qxg4+ Kb8 23. e6 g6 24. e7 Re8 25. Qd7 1-0

[Event "VEN-ch (Women)"]
[Site "Merida"]
[Date "2016.02.28"]
[Round "11"]
[White "Ubaldo Suarez, Maria Gisela"]
[Black "Rovira Contreras, Tairu Manuela"]
[Result "1-0"]
[WhiteElo "2037"]
[BlackElo "2105"]
[PlyCount "57"]
[EventDate "2016.02.21"]
[EventType "tourn"]
[EventRounds "11"]
[EventCountry "VEN"]
[SourceTitle "CBM 171 Extra"]
[Source "ChessBase"]
[SourceDate "2016.04.26"]
[SourceVersion "1"]
[SourceVersionDate "2016.04.26"]
[SourceQuality "1"]

1. d4 d5 2. c4 c6 3. Nc3 Nf6 4. e3 e6 5. Nf3 Bd6 6. Bd3 Nbd7 7. 0-0 0-0 8. e4 dxe4 9. Nxe4 Nxe4 10. Bxe4 h6 11. Bc2 Nf6 12. c5 Bb8 13. Re1 b6 14. Ne5 bxc5 15. Nxc6 Qd6 16. Nxb8 Rxb8 17. dxc5 Qxc5 18. Be3 Qc7 19. Qe2 Rb4 20. Rac1 Qb8 21. Bc5 Rh4 22. g3 Ng4 23. Qd3 f5 24. gxh4 Qxh2+ 25. Kf1 Bb7 26. Qd6 Qh3+ 27. Ke2 Qf3+ 28. Kd2 Rc8 29. Bd1 1-0

[Event "VEN-ch (Women)"]
[Site "Merida"]
[Date "2016.02.23"]
[Round "4"]
[White "Diaz Patete, Milagros"]
[Black "Ubaldo Suarez, Maria Gisela"]
[Result "0-1"]
[WhiteElo "2028"]
[BlackElo "2037"]
[PlyCount "80"]
[EventDate "2016.02.21"]
[EventType "tourn"]
[EventRounds "11"]
[EventCountry "VEN"]
[SourceTitle "CBM 171 Extra"]
[Source "ChessBase"]
[SourceDate "2016.04.26"]
[SourceVersion "1"]
[SourceVersionDate "2016.04.26"]
[SourceQuality "1"]

1. e4 c5 2. Nf3 Nc6 3. d4 cxd4 4. Nxd4 g6 5. Bc4 Bg7 6. Be3 Nf6 7. Nc3 0-0 8. 0-0 Ne5 9. Bb3 Neg4 10. Bg5 Qa5 11. Nf3 h6 12. Bd2 Qh5 13. Bf4 d6 14. h3 Ne5 15. Nxe5 dxe5 16. Qxh5 Nxh5 17. Be3 b6 18. Rfd1 Nf4 19. Rd2 e6 20. Rad1 Bf6 21. Kh2 g5 22. Bc4 Bb7 23. Rd7 Bc6 24. R7d6 Rac8 25. Ba6 Rc7 26. g3 Ng6 27. R6d2 Be7 28. a3 Kg7 29. Bb5 Bb7 30. Rd7 Rfc8 31. Ba4 Ba6 32. Rxc7 Rxc7 33. Rd7 Rxd7 34. Bxd7 Bb7 35. Bb5 Nf8 36. g4 a6 37. Be8 b5 38. Kg3 Nh7 39. a4 Nf6 40. Bxb5 axb5 0-1

[Event "VEN pre olympic (Women) 2nd"]
[Site "Barquisimeto"]
[Date "2014.04.18"]
[Round "5"]
[White "Ubaldo Suarez, Maria Gisela"]
[Black "Campos Perez, Melanny"]
[Result "1/2-1/2"]
[WhiteElo "2029"]
[BlackElo "1956"]
[PlyCount "66"]
[EventDate "2014.04.16"]
[EventType "tourn"]
[EventRounds "8"]
[EventCountry "VEN"]
[SourceTitle "EXT 2016"]
[Source "ChessBase"]
[SourceDate "2015.10.08"]
[SourceVersion "1"]
[SourceVersionDate "2015.10.08"]
[SourceQuality "1"]

1. d4 Nf6 2. c4 g6 3. Nc3 Bg7 4. e4 d6 5. Bg5 h6 6. Bf4 0-0 7. Be2 Nbd7 8. e5 Nh7 9. e6 fxe6 10. Qd2 g5 11. Be3 e5 12. d5 Ndf6 13. h4 e6 14. hxg5 Nxg5 15. Bxg5 hxg5 16. Qxg5 exd5 17. cxd5 Ng4 18. Qh5 Qf6 19. Qh7+ Kf7 20. Ne4 Qg6 21. Qxg6+ Kxg6 22. Nf3 Bh6 23. Bd3 Kg7 24. Ng3 Nf6 25. Bc4 Bg4 26. Nh4 Nh5 27. Nxh5+ Bxh5 28. Bd3 Bg4 29. f3 Bd7 30. g4 c6 31. Bf5 Be8 32. Bd3 Bd7 33. Bf5 Be8 1/2-1/2

[Event "VEN pre olympic (Women) 2nd"]
[Site "Barquisimeto"]
[Date "2014.04.16"]
[Round "2"]
[White "Varela la Madrid, Maria"]
[Black "Ubaldo Suarez, Maria Gisela"]
[Result "0-1"]
[WhiteElo "1965"]
[BlackElo "2029"]
[PlyCount "84"]
[EventDate "2014.04.16"]
[EventType "tourn"]
[EventRounds "8"]
[EventCountry "VEN"]
[SourceTitle "EXT 2016"]
[Source "ChessBase"]
[SourceDate "2015.10.08"]
[SourceVersion "1"]
[SourceVersionDate "2015.10.08"]
[SourceQuality "1"]

1. d4 d5 2. c4 c6 3. Nc3 Nf6 4. Nf3 e6 5. Bg5 h6 6. Bh4 Be7 7. Qc2 0-0 8. e4 Nxe4 9. Bxe7 Qxe7 10. Nxe4 dxe4 11. Qxe4 Qb4+ 12. Nd2 Qxb2 13. Rb1 Qxa2 14. Bd3 f5 15. Qe3 Qa5 16. 0-0 Qc7 17. c5 b5 18. cxb6 axb6 19. Nc4 b5 20. Ne5 Qd6 21. Rb3 Rd8 22. Be2 Bb7 23. Bh5 Rf8 24. Ng6 Rf6 25. d5 cxd5 26. Rxb5 d4 27. Qb3 Bc6 28. Rb6 Kh7 29. Nh4 Nd7 30. Rxc6 Qxc6 31. Bf3 Qa4 32. Qd3 Ne5 33. Qd2 Nxf3+ 34. Nxf3 Rd8 35. Ne5 Rd5 36. f4 Rf8 37. Rf3 Rb8 38. h3 Qa1+ 39. Kh2 Rb2 40. Qd3 Rb1 41. g4 Rb2+ 42. Kg3 Qe1+ 0-1

[Event "Barquisimeto Preolimp (Women) 2nd"]
[Site "Barquisimeto"]
[Date "2014.03.14"]
[Round "4.1"]
[White "Ubaldo Suarez, Maria Gisela"]
[Black "Campos Perez, Melanny"]
[Result "1/2-1/2"]
[WhiteElo "2024"]
[BlackElo "1937"]
[PlyCount "105"]
[EventDate "2014.03.12"]
[EventType "tourn"]
[EventRounds "7"]
[EventCountry "VEN"]
[SourceTitle "EXT 2022"]
[Source "ChessBase"]
[SourceDate "2021.10.06"]
[SourceVersion "1"]
[SourceVersionDate "2021.10.06"]
[SourceQuality "1"]

1. d4 Nf6 2. c4 g6 3. Nc3 Bg7 4. Nf3 d6 5. g3 0-0 6. Bg2 c6 7. 0-0 Qa5 8. Qc2 e5 9. dxe5 dxe5 10. a3 Be6 11. b3 Nbd7 12. Ng5 Rfe8 13. Nxe6 Rxe6 14. Rd1 Qc7 15. Bb2 Rd6 16. Rxd6 Qxd6 17. Rd1 Qe7 18. Rd2 Nc5 19. Qd1 e4 20. Kh1 e3 21. fxe3 Ng4 22. Qg1 Bxc3 23. Bxc3 Ne4 24. Bxe4 Qxe4+ 25. Qg2 Qb1+ 26. Qg1 Qxb3 27. Rd3 Qxc4 28. Qg2 Re8 29. Qf3 f5 30. h3 Ne5 31. Bxe5 Rxe5 32. Qf1 Rd5 33. Qb1 Qe4+ 34. Kh2 Rxd3 35. exd3 Qxe3 36. Qb3+ Kf8 37. Qxb7 Qf2+ 38. Kh1 Qxg3 39. Qxh7 f4 40. Qh8+ Ke7 41. Qg7+ Ke6 42. Qg8+ Kd6 43. Qd8+ Kc5 44. Qa5+ Kd4 45. Qxa7+ Kxd3 46. Qd7+ Ke2 47. Qe6+ Qe3 48. Qa2+ Kd1 49. Qb1+ Qc1 50. Qxg6 Ke2+ 51. Kh2 Qxa3 52. Qg2+ Ke3 53. Qxc6 1/2-1/2

[Event "VEN pre olympic (Women)"]
[Site "Caracas"]
[Date "2014.02.16"]
[Round "7"]
[White "Varela la Madrid, Tilsia Carolin"]
[Black "Ubaldo Suarez, Maria Gisela"]
[Result "1/2-1/2"]
[WhiteElo "2003"]
[BlackElo "2024"]
[PlyCount "61"]
[EventDate "2014.02.13"]
[EventType "swiss"]
[EventRounds "7"]
[EventCountry "VEN"]
[SourceTitle "CBM 158 Extra"]
[Source "ChessBase"]
[SourceDate "2014.02.28"]
[SourceVersion "1"]
[SourceVersionDate "2014.02.28"]
[SourceQuality "1"]

1. e4 c5 2. c3 Nf6 3. e5 Nd5 4. d4 cxd4 5. Nf3 d6 6. cxd4 Nc6 7. Bc4 Nb6 8. Bb5 a6 9. Bd3 e6 10. Nc3 Be7 11. 0-0 0-0 12. Qe2 d5 13. Be3 Re8 14. Rad1 Nd7 15. Bb1 Nf8 16. Bc1 b5 17. a3 Bd7 18. h3 Na5 19. Nd2 Nc4 20. Nxc4 bxc4 21. f4 f5 22. g4 g6 23. gxf5 gxf5 24. Kh1 Ng6 25. Rg1 Kh8 26. Rg2 Rg8 27. Rdg1 Rg7 28. Qh5 Qg8 29. Qe2 Qf7 30. Qh5 Rag8 31. Bd2 1/2-1/2

[Event "VEN-ch (Women)"]
[Site "Lecheria"]
[Date "2014.01.11"]
[Round "2"]
[White "Ubaldo Suarez, Maria Gisela"]
[Black "Montilla Reyes, Jorcerys"]
[Result "0-1"]
[WhiteElo "2020"]
[BlackElo "2096"]
[PlyCount "128"]
[EventDate "2014.01.10"]
[EventType "swiss"]
[EventRounds "9"]
[EventCountry "VEN"]
[SourceTitle "CBM 158 Extra"]
[Source "ChessBase"]
[SourceDate "2014.02.28"]
[SourceVersion "1"]
[SourceVersionDate "2014.02.28"]
[SourceQuality "1"]

1. d4 d5 2. Nf3 Nf6 3. c4 c6 4. e3 e6 5. Qc2 Nbd7 6. Bd3 Bd6 7. Nbd2 0-0 8. e4 dxe4 9. Nxe4 Nxe4 10. Bxe4 f5 11. Bd3 c5 12. Bg5 Qc7 13. 0-0-0 Bf4+ 14. Kb1 h6 15. Bxf4 Qxf4 16. Qe2 Rf6 17. g3 Qc7 18. Rhe1 a6 19. d5 exd5 20. Qe8+ Nf8 21. cxd5 Qd7 22. Bc2 b5 23. Re7 Qxe8 24. Rxe8 Rd6 25. Re7 Bd7 26. Ne5 Bc8 27. f4 c4 28. h4 Rb8 29. Re8 Ra8 30. Nc6 Bb7 31. Rxa8 Bxa8 32. Ne7+ Kf7 33. Nxf5 Rxd5 34. Rxd5 Bxd5 35. Ne3 Bc6 36. a4 Ne6 37. Nf5 Nc5 38. Nd4 Bd7 39. axb5 axb5 40. Kc1 Kf6 41. Kd2 b4 42. Nf3 b3 43. Bb1 Na4 44. Ne5 Be6 45. Kc1 c3 46. bxc3 Nxc3 47. Bd3 Na4 48. Kb1 h5 49. Kc1 b2+ 50. Kc2 Ba2 51. Kd2 b1Q 52. Bxb1 Bxb1 53. Ke3 Nc3 54. Kf3 Kf5 55. Nc4 Nd5 56. Nd6+ Ke6 57. Nc4 Bc2 58. Kf2 Kf5 59. Nd6+ Kg4 60. Ne8 g6 61. Nd6 Nf6 62. Nc4 Kh3 63. Ne5 Ng4+ 64. Nxg4 hxg4 0-1

[Event "VEN-ch (Women)"]
[Site "Caracas"]
[Date "2012.12.11"]
[Round "6"]
[White "Varela la Madrid, Maria"]
[Black "Ubaldo Suarez, Maria Gisela"]
[Result "0-1"]
[WhiteElo "1920"]
[BlackElo "2061"]
[PlyCount "54"]
[EventDate "2012.12.08"]
[EventType "tourn"]
[EventRounds "7"]
[EventCountry "VEN"]
[SourceTitle "EXT 2014"]
[Source "ChessBase"]
[SourceDate "2013.11.20"]
[SourceVersion "1"]
[SourceVersionDate "2013.11.20"]
[SourceQuality "1"]

1. d4 d5 2. Nf3 Nf6 3. c4 c6 4. Nc3 e6 5. Bg5 Be7 6. e3 0-0 7. Bd3 dxc4 8. Bxc4 Nbd7 9. 0-0 Nd5 10. Bxe7 Qxe7 11. Ne5 Nxe5 12. dxe5 Nxc3 13. bxc3 Rd8 14. Qe2 b5 15. Bb3 Bb7 16. a4 a6 17. f4 g6 18. Rfd1 Rd7 19. axb5 cxb5 20. Bc2 Rxd1+ 21. Rxd1 Rc8 22. Qe1 Qc5 23. Rd3 Be4 24. Rd2 Bxc2 25. Rxc2 b4 26. Kf2 a5 27. Qd2 b3 0-1

[Event "San Cristobal Bolivar op 1st"]
[Site "San Cristobal"]
[Date "2012.09.27"]
[Round "4"]
[White "Principe, Alexander"]
[Black "Ubaldo Suarez, Maria Gisela"]
[Result "1-0"]
[WhiteElo "2257"]
[BlackElo "2063"]
[PlyCount "63"]
[EventDate "2012.09.25"]
[EventType "swiss"]
[EventRounds "10"]
[EventCountry "VEN"]
[SourceTitle "EXT 2013"]
[Source "ChessBase"]
[SourceDate "2012.11.22"]
[SourceVersion "1"]
[SourceVersionDate "2012.11.22"]
[SourceQuality "1"]

1. e4 c5 2. Nf3 d6 3. d4 cxd4 4. Nxd4 Nf6 5. Nc3 g6 6. Be3 Bg7 7. f3 0-0 8. Qd2 Nc6 9. Bc4 Bd7 10. Bb3 Rc8 11. 0-0-0 Ne5 12. Kb1 Nc4 13. Bxc4 Rxc4 14. g4 b5 15. b3 Rc8 16. Ndxb5 Qa5 17. a4 a6 18. Nd5 Qxd2 19. Nxe7+ Kh8 20. Rxd2 Rce8 21. Nxd6 Rxe7 22. Bc5 Re5 23. Ba3 Kg8 24. Nc4 Rfe8 25. Nxe5 Rxe5 26. f4 Nxe4 27. Rxd7 Nc3+ 28. Ka1 Rd5 29. Rxd5 Nxd5+ 30. Bb2 Nxf4 31. Bxg7 Kxg7 32. c4 1-0

[Event "San Cristobal Bolivar op 1st"]
[Site "San Cristobal"]
[Date "2012.09.26"]
[Round "3"]
[White "Ubaldo Suarez, Maria Gisela"]
[Black "Ruiz, Alciguel"]
[Result "1-0"]
[WhiteElo "2063"]
[BlackElo "2246"]
[PlyCount "97"]
[EventDate "2012.09.25"]
[EventType "swiss"]
[EventRounds "10"]
[EventCountry "VEN"]
[SourceTitle "EXT 2013"]
[Source "ChessBase"]
[SourceDate "2012.11.22"]
[SourceVersion "1"]
[SourceVersionDate "2012.11.22"]
[SourceQuality "1"]

1. d4 Nf6 2. Nf3 g6 3. c4 Bg7 4. Nc3 d5 5. Bg5 Ne4 6. Bh4 Nxc3 7. bxc3 dxc4 8. Qa4+ c6 9. Qxc4 0-0 10. e4 Nd7 11. Be2 Nb6 12. Qb4 Re8 13. 0-0 a5 14. Qa3 Be6 15. Nd2 Qd6 16. Qxd6 exd6 17. a4 Ra7 18. Rfb1 Nc8 19. f3 f5 20. Bf2 d5 21. e5 Bh6 22. Ra2 b6 23. Rab2 Bf7 24. g3 Bg5 25. f4 Bd8 26. c4 Nd6 27. c5 bxc5 28. dxc5 Ne4 29. Nxe4 fxe4 30. Bd4 Be6 31. Rb8 Kf8 32. Kf2 g5 33. Bh5 Bf7 34. Bg4 gxf4 35. gxf4 Bg6 36. Ke3 h5 37. Bh3 Rf7 38. e6 Rxf4 39. Kxf4 Bc7+ 40. Be5 Bxb8 41. Rxb8 Rxb8 42. Bxb8 d4 43. Bc7 e3 44. Bxa5 Bc2 45. Be1 Bxa4 46. Ke4 Bb5 47. Kxd4 e2 48. Ke5 Ke8 49. Kd6 1-0

[Event "Barquisimeto op"]
[Site "Barquisimeto"]
[Date "2012.05.25"]
[Round "4"]
[White "Gomez, Alexis"]
[Black "Ubaldo Suarez, Maria Gisela"]
[Result "1-0"]
[WhiteElo "1659"]
[BlackElo "2053"]
[PlyCount "73"]
[EventDate "2012.05.23"]
[EventType "swiss"]
[EventRounds "7"]
[EventCountry "VEN"]
[SourceTitle "CBM 148 Extra"]
[Source "ChessBase"]
[SourceDate "2012.06.22"]
[SourceVersion "1"]
[SourceVersionDate "2012.06.22"]
[SourceQuality "1"]

1. d4 d5 2. c4 c6 3. Nf3 Nf6 4. Nc3 Nbd7 5. Bg5 Qa5 6. e3 Ne4 7. cxd5 cxd5 8. Bd3 e6 9. Qc2 Bb4 10. 0-0 Nxg5 11. Nxg5 h6 12. Nf3 a6 13. Rfc1 0-0 14. a3 Bd6 15. b4 Qd8 16. Na4 Qf6 17. Qe2 e5 18. dxe5 Nxe5 19. Nxe5 Bxe5 20. Ra2 d4 21. Nc5 dxe3 22. Qxe3 Re8 23. Ne4 Qh4 24. g3 Qe7 25. Rac2 Bh3 26. Nc5 Rad8 27. Qf3 b6 28. Nxa6 Qg5 29. Bf1 Bf5 30. h4 Qg6 31. Rc6 Rd6 32. Rxd6 Bxd6 33. Bb5 Be4 34. Qe3 Re6 35. Nc7 Bxc7 36. Rxc7 Bb7 37. Qc1 1-0

[Event "Valera Escuela Las Palmas op 1st"]
[Site "Valera"]
[Date "2012.04.13"]
[Round "3"]
[White "Vethencourt, Mayerlin Lorena"]
[Black "Ubaldo Suarez, Maria Gisela"]
[Result "1/2-1/2"]
[WhiteElo "1896"]
[BlackElo "2064"]
[PlyCount "69"]
[EventDate "2012.04.12"]
[EventType "swiss"]
[EventRounds "7"]
[EventCountry "VEN"]
[SourceTitle "EXT 2013"]
[Source "ChessBase"]
[SourceDate "2012.11.22"]
[SourceVersion "1"]
[SourceVersionDate "2012.11.22"]
[SourceQuality "1"]

1. d4 d5 2. Nf3 Nf6 3. e3 c6 4. Ne5 Bf5 5. Nd2 e6 6. c3 Bd6 7. f4 Ne4 8. Ndf3 f6 9. Nd3 Bg4 10. Be2 0-0 11. 0-0 Nd7 12. Qe1 Qe8 13. h3 Bh5 14. g4 Bf7 15. Kh1 c5 16. Rg1 c4 17. Nf2 b5 18. g5 f5 19. Qf1 g6 20. h4 a5 21. Ne5 Nxe5 22. fxe5 Nxf2+ 23. Qxf2 Be7 24. Bd2 Qc6 25. Rg2 Rfb8 26. Rh2 Bf8 27. h5 Bg7 28. hxg6 Bxg6 29. Bh5 Kf7 30. Rg1 b4 31. Bf3 Ke7 32. Bc1 Ra7 33. Qe1 Rab7 34. Rgg2 Kf7 35. Kg1 1/2-1/2

[Event "San Cristobal Preolimp (Women) 1st"]
[Site "San Cristobal"]
[Date "2012.02.25"]
[Round "5"]
[White "Gutierrez Salazar, Leonela"]
[Black "Ubaldo Suarez, Maria Gisela"]
[Result "1/2-1/2"]
[WhiteElo "2028"]
[BlackElo "2064"]
[PlyCount "104"]
[EventDate "2012.02.23"]
[EventType "tourn"]
[EventRounds "6"]
[EventCountry "VEN"]
[SourceTitle "EXT 2022"]
[Source "ChessBase"]
[SourceDate "2021.10.06"]
[SourceVersion "1"]
[SourceVersionDate "2021.10.06"]
[SourceQuality "1"]

1. e4 c5 2. Nf3 d6 3. d4 cxd4 4. Nxd4 Nf6 5. Nc3 g6 6. Bc4 Bg7 7. h3 0-0 8. Bb3 Nbd7 9. 0-0 Nc5 10. Re1 a5 11. a4 Nxb3 12. Nxb3 Be6 13. Nd4 Bc4 14. Be3 Rc8 15. Qd2 Ba6 16. Bh6 Qb6 17. Bxg7 Kxg7 18. b3 Qb4 19. Re3 Rc5 20. Rd1 Rfc8 21. Nd5 Qxd2 22. Rxd2 e5 23. Nxf6 Kxf6 24. Nf3 Rxc2 25. Rxd6+ Ke7 26. Rd5 f6 27. Re1 Rb2 28. Red1 Rc7 29. Nd2 b6 30. Nc4 Rxb3 31. Ne3 Bb7 32. Rd8 Bxe4 33. Rh8 Ke6 34. Rdd8 Bc6 35. Nc4 Bd7 36. Rxh7 Rxc4 37. Rhxd7 Rc6 38. Rg7 Kf5 39. Rdg8 g5 40. Rb7 Rb1+ 41. Kh2 Rb2 42. h4 gxh4 43. f3 Rb4 44. Rgb8 Rxa4 45. Rxb6 Rxb6 46. Rxb6 Rb4 47. Ra6 a4 48. Kh3 Rd4 49. Ra8 Ke6 50. Ra6+ Kf5 51. Ra8 Rb4 52. Ra6 Kg5 1/2-1/2